| 000 | 01282nam a2200325 a 4500 | ||
|---|---|---|---|
| 001 | BRCA_8598 | ||
| 005 | 20190320210336.0 | ||
| 008 | 290816s1734----it-#######---#000-0#lat-# | ||
| 041 | _alat | ||
| 044 | _ait | ||
| 050 | 4 |
_aKBR2155 _b.D45 _c1734 |
|
| 100 | 1 |
_aDe luca Baptistae, Venusini _921498 |
|
| 245 | 1 | 0 |
_aTractus de officiis venalibus vacabilibus romanae curiae _cVenusini de luca Baptistae. |
| 260 |
_aVenetis _bEx typographia balleoniana _c1734 |
||
| 300 |
_a1 vol. (con varias paginaciones) _c39 cm |
||
| 500 | _aFondo antiguo | ||
| 500 | _aSe encuentra en Caja Fuerte | ||
| 500 | _aU-118 | ||
| 500 | _aIncluye índice | ||
| 500 | _aTexto escrito a dos columnas | ||
| 500 | _aCon Ex-libris de: Franz Mayer | ||
| 500 | _aEstado físico: el documento presenta manchas en diversas páginas y las guardas | ||
| 500 | _aNota de encuadernación: desgastada, piel con cartón | ||
| 505 | 0 | _aContiene: cum juribus, seu documentatis, informationibus responsis, & decisionibus super supperssione colegii secretariorum apostolicorum | |
| 506 | 0 | _aFondo reservado: para su consulta es necesario credencial de usuario y carta de motivos | |
| 650 | 1 | 4 |
_aDerecho canónico _921260 |
| 650 | 1 | 4 |
_aIglesia católica _eCuria romana _915525 |
| 902 | _aLAR | ||
| 942 |
_2lcc _cB |
||
| 999 |
_c8261 _d8261 |
||